Epu mari ülkatufe ta fachantü : 20 poetas mapuches contemporáneos /

Bibliographic Details
Other Authors: Añiñir, David 1970-, Huenún Villa, Jaime Luis 1967 (comp.)
Format: Libro
Language:Spanish
Published: Santiago, Chile LOM 2003
Edition:1a. ed.
Series:Entre mares / Poesía
Subjects:
Online Access:

MARC

LEADER 00000cam a2200000 a 4500
001 028620
003 UAHC_CL
005 20170803122952.0
008 100416s2003 cl 000 spa
020 |a 9562825914 
040 |a UAHC_CL  |c UAHC_CL  |d UAHC_CL 
082 0 4 |a Ch898.1008  |b E64  |2 21 
245 1 0 |a Epu mari ülkatufe ta fachantü :  |b 20 poetas mapuches contemporáneos /  |c selección de Jaime Luis Huenún ; versión Mapuzungun de Víctor Cifuentes Palacios. 
246 2 |a Veinte poetas mapuches contemporáneos 
246 2 |a 20 poetas mapuches contemporáneos 
250 |a 1a. ed. 
260 |b LOM  |a Santiago, Chile  |c 2003 
300 |a 299 p. 
490 0 |a Entre mares / Poesía 
505 0 |a Autores: David Añiñir, Lorenzo Ayllapán, Jacqueline Caniguán, Bernardo Colipán Filguiera, Víctor Cifuentes Palacios, Emilio Guaquín Barrientos, Jaime Luis Huenún, Omar Huenuqueo Huaiquinao, Graciela Huinao, Paulo Huirimilla Oyarzo, María Isabel Lara Millapán, Carlos Levi Reñinao, Leonel Lienlaf, Ricardo Loncón Antileo, Faumelisa Manquepillán, Cesar Millahueique, Roxana Miranda Rupailaf, Maribel Mora Curriao, ASdriana Paredes Pinda, Erwin Quintupil. 
546 |a Título y texto en mapuche y español. 
650 4 |a POESIAS MAPUCHES 
700 1 |a Añiñir, David  |d 1970- 
700 1 |a Huenún Villa, Jaime Luis  |d 1967  |e comp. 
900 |a Ch898.1008 EPU 
942 |c BK 
952 |0 0  |1 0  |4 0  |6 CH_898_100800000000000_EPU  |7 0  |8 General  |9 56635  |a BC  |b BC  |c General  |d 2017-08-03  |l 1  |o Ch898.1008 EPU  |p 1377739  |r 2025-11-26 00:00:00  |s 2019-09-09  |t 1  |w 2017-08-03  |y BK 
999 |c 28620  |d 28620